[Event "Tournoi Skype 014A"]
[Site "Skype"]
[Date "????.??.??"]
[Round "1.1"]
[White "Auger, Bertrand"]
[Black "Engstrom, Olle"]
[Result "1-0"]
[WhiteElo "2085"]
[BlackElo "1680"]
[PlyCount "81"]

1. Nf3 c5 2. c4 Nc6 3. Nc3 g6 4. g3 Bg7 5. Bg2 Nf6 6. d4 cxd4 7. Nxd4 Nxd4 8.
Qxd4 d6 9. O-O O-O 10. Qd2 Ng4 11. h3 Ne5 12. b3 a6 13. Bb2 Rb8 14. Rfd1 Be6
15. Kh2 Qc8 16. Nd5 Nc6 17. Rac1 Rd8 18. b4 Qd7 19. f4 b5 20. cxb5 axb5 21.
Rxc6 Bxd5 22. Bxd5 e6 23. Bg2 d5 24. Rdc1 Qa7 25. Bxg7 Kxg7 26. R1c5 Rb7 27.
Qd4+ Kg8 28. Qf6 Qb8 29. Qxd8+ Qxd8 30. Rc8 Qxc8 31. Rxc8+ Kg7 32. Rc3 Kf6 33.
g4 Ke7 34. Kg3 Kd6 35. e3 Rc7 36. Rxc7 Kxc7 37. Kf3 Kd6 38. Ke2 e5 39. Kd3 e4+
40. Kd4 f5 41. g5 1-0

[Event "Tournoi Skype 014A"]
[Site "Skype"]
[Date "????.??.??"]
[Round "1.4"]
[White "Rajpurohit, Dinesh"]
[Black "Donmez, Unal"]
[Result "0-1"]
[WhiteElo "1665"]
[BlackElo "1905"]
[PlyCount "44"]

1. c4 g6 2. Nc3 c5 3. Nf3 Bg7 4. d4 cxd4 5. Nxd4 Nf6 6. Bf4 d6 7. e3 e5 8. Ndb5
exf4 9. Nxd6+ Ke7 10. Nxc8+ Qxc8 11. Nd5+ Nxd5 12. cxd5 Bxb2 13. Bb5 Qc3+ 14.
Kf1 Bxa1 15. d6+ Kd8 16. g3 fxe3 17. fxe3 Nc6 18. Qf3 Re8 19. Qxf7 Qf6+ 20.
Qxf6+ Bxf6 21. Kf2 Re5 22. Bxc6 bxc6 0-1

[Event "Tournoi Skype 014A"]
[Site "Skype"]
[Date "????.??.??"]
[Round "1.5"]
[White "Hilton, Stephen"]
[Black "Ali, Mohammad"]
[Result "1-0"]
[WhiteElo "1903"]
[BlackElo "1633"]
[PlyCount "65"]

1. c4 e5 2. Nc3 Nf6 3. Nf3 Nc6 4. g3 Nd4 5. Bg2 d6 6. O-O Be7 7. b3 Bf5 8. Bb2
O-O 9. Nxd4 exd4 10. Nb5 a6 11. Nxd4 Be4 12. Nf3 Qd7 13. d4 Rfe8 14. d5 Bf5 15.
Re1 h6 16. Qd4 Rac8 17. e4 Bg6 18. e5 dxe5 19. Nxe5 Qf5 20. Nxg6 Qxg6 21. Be4
Qh5 22. Bc2 b6 23. Re5 Bc5 24. Rxe8+ Rxe8 25. Qd3 Be7 26. Bxf6 g6 27. Re1 Kf8
28. Qe3 a5 29. Bxe7+ Kg8 30. Qe5 Qg4 31. Qf6 Qd7 32. Bxg6 fxg6 33. Qxg6+ 1-0

[Event "Tournoi Skype 014A"]
[Site "Skype"]
[Date "????.??.??"]
[Round "1.6"]
[White "Mulrooney, Justin"]
[Black "Jacquelin, Norbert"]
[Result "1/2-1/2"]
[WhiteElo "1624"]
[BlackElo "1899"]
[PlyCount "94"]

1. d4 d5 2. c4 e6 3. Nc3 c5 4. cxd5 exd5 5. Nf3 Nc6 6. e3 Nf6 7. Bb5 Bd7 8. O-O
cxd4 9. Nxd4 Bd6 10. h3 O-O 11. Nce2 a6 12. Bd3 Ne5 13. Bc2 Qc8 14. Nf4 Nc6 15.
Nh5 Nxh5 16. Qxh5 f5 17. Bb3 Nxd4 18. exd4 Be6 19. Qf3 Qc6 20. Bd2 b5 21. Rac1
Qb7 22. Rfe1 Bf7 23. Qxf5 Kh8 24. h4 Bg8 25. Qg4 Qf7 26. Be3 Rae8 27. Qe2 Re4
28. g3 Rfe8 29. Qd2 Qe6 30. Bc2 Qh3 31. Bxe4 Rxe4 32. Bh6 Rxe1+ 33. Rxe1 Qf5
34. Be3 Bf7 35. Rc1 h6 36. Qc2 Qf3 37. Qc8+ Kh7 38. Qh3 Bg6 39. Qg2 Qe2 40.
Qxd5 Bxg3 41. Qg2 Bxh4 42. Rc6 Qd1+ 43. Kh2 Qh5 44. Kg1 Qd1+ 45. Qf1 Qg4+ 46.
Qg2 Qd1+ 47. Qf1 Qg4+ 1/2-1/2

[Event "Tournoi Skype 014A"]
[Site "Skype"]
[Date "????.??.??"]
[Round "1.7"]
[White "Segura Lozano, Marcos Antonio"]
[Black "Karia, Vijay"]
[Result "1-0"]
[WhiteElo "1899"]
[BlackElo "1604"]
[PlyCount "83"]

1. d4 d5 2. c4 e6 3. Nc3 h6 4. Nf3 Nf6 5. Bf4 c6 6. e3 Bb4 7. Qc2 Nh5 8. Be5
Nd7 9. Bd3 Nhf6 10. Bg3 Qe7 11. O-O h5 12. Ne2 Bd6 13. Bxd6 Qxd6 14. h3 Nf8 15.
Ne5 Qe7 16. Rfd1 N6d7 17. Nf3 Nf6 18. Nc3 Bd7 19. Ne5 O-O-O 20. Nxd7 Rxd7 21.
cxd5 Nxd5 22. Rac1 Nb4 23. Qa4 a6 24. Be4 Rc7 25. Rd2 f5 26. Bf3 g5 27. a3 Nd5
28. Rdc2 Nb6 29. Qb3 Nfd7 30. d5 g4 31. dxc6 bxc6 32. Be2 gxh3 33. Bxa6+ Kd8
34. Nb5 Nb8 35. Nxc7 Qxc7 36. Qxe6 h2+ 37. Kh1 Rf8 38. Bb5 f4 39. Bxc6 Nxc6 40.
Rxc6 Qe7 41. Rc8+ Nxc8 42. Rxc8# 1-0

[Event "Tournoi Skype 014A"]
[Site "Skype"]
[Date "????.??.??"]
[Round "1.8"]
[White "Loyarte, Frederic"]
[Black "Deville, Olivier"]
[Result "0-1"]
[WhiteElo "1544"]
[BlackElo "1866"]
[PlyCount "46"]

1. d4 Nf6 2. c4 e6 3. Nc3 Bb4 4. Qc2 c5 5. Nf3 O-O 6. Bf4 cxd4 7. Nxd4 Nc6 8.
e3 Nxd4 9. exd4 d5 10. a3 Bd6 11. Be5 a6 12. cxd5 Nxd5 13. Nxd5 exd5 14. Bxd6
Qxd6 15. Bd3 Re8+ 16. Kd2 Qf4+ 17. Kc3 Bf5 18. g3 Rac8+ 19. Kb3 Rxc2 20. gxf4
Bxd3 21. Rad1 Be4 22. Rhe1 Rec8 23. Re3 Rxf2 0-1

[Event "Tournoi Skype 014A"]
[Site "Skype"]
[Date "????.??.??"]
[Round "1.9"]
[White "Lambert, Pierre"]
[Black "Briere, Jean"]
[Result "1-0"]
[WhiteElo "1850"]
[BlackElo "1537"]
[PlyCount "91"]

1. e4 e5 2. Nf3 Nc6 3. Bb5 Nf6 4. O-O Bc5 5. d3 O-O 6. Bg5 h6 7. Bh4 Re8 8. Nc3
a6 9. Ba4 d6 10. h3 Be6 11. a3 b5 12. Bb3 Bxb3 13. cxb3 Re6 14. Rc1 Ne7 15. Ne2
Ng6 16. Bg3 Bb6 17. Rc6 Qd7 18. Qc1 d5 19. Rxe6 Qxe6 20. exd5 Qxd5 21. Qc3 e4
22. dxe4 Nxe4 23. Qc2 Nxg3 24. Nxg3 Re8 25. Rd1 Qc5 26. Qxc5 Bxc5 27. Rd5 Bd6
28. Kf1 Bxg3 29. fxg3 c6 30. Rd6 Re6 31. Rxe6 fxe6 32. Nd4 Ne5 33. Nxe6 Kf7 34.
Nc5 a5 35. Ke2 Ke7 36. Nd3 Kd6 37. Nxe5 Kxe5 38. Ke3 c5 39. g4 g5 40. g3 Kd5
41. h4 Ke6 42. Ke4 gxh4 43. gxh4 b4 44. g5 hxg5 45. hxg5 bxa3 46. bxa3 1-0

[Event "Tournoi Skype 014A"]
[Site "Skype"]
[Date "????.??.??"]
[Round "1.10"]
[White "Trivedi, Viral"]
[Black "Plourde, Alain"]
[Result "1/2-1/2"]
[WhiteElo "1536"]
[BlackElo "1850"]
[PlyCount "74"]

1. e4 e6 2. d4 d5 3. exd5 exd5 4. Qe2+ Qe7 5. Qxe7+ Bxe7 6. Bf4 c6 7. Bd3 Nf6
8. Nf3 Bg4 9. Ne5 Be6 10. h3 Nbd7 11. Nd2 Nxe5 12. Bxe5 O-O 13. Nf3 Nd7 14. Bf4
f6 15. O-O Bf7 16. Rfe1 Rfe8 17. c3 Bf8 18. Bf5 Nb6 19. b3 g6 20. Bd3 Rxe1+ 21.
Rxe1 Re8 22. Rxe8 Bxe8 23. Bc7 Nd7 24. a4 Ba3 25. Bf4 Be7 26. Nd2 Bf7 27. Nf1
Kg7 28. h4 Be6 29. Ne3 f5 30. g3 Nf6 31. Be5 Kf7 32. f3 Nd7 33. Bf4 Bf8 34. g4
fxg4 35. Nxg4 Bxg4 36. fxg4 Ke6 37. g5 Ba3 1/2-1/2

[Event "Tournoi Skype 014A"]
[Site "Skype"]
[Date "????.??.??"]
[Round "1.11"]
[White "Yuvarlak, Ugur"]
[Black "Maneval, Dustin"]
[Result "1-0"]
[WhiteElo "1850"]
[BlackElo "1532"]
[PlyCount "95"]

1. e4 d6 2. d4 f5 3. Bd3 fxe4 4. Bxe4 Nf6 5. Bd3 Nc6 6. c3 e5 7. d5 Ne7 8. c4
Bf5 9. Nc3 g6 10. Nge2 Bg7 11. O-O Qd7 12. Be3 Bxd3 13. Qxd3 Qf5 14. Qd1 a6 15.
c5 O-O 16. cxd6 cxd6 17. Ng3 Qc8 18. Rc1 Qd8 19. Nge4 Rc8 20. Qb3 b5 21. Nxf6+
Bxf6 22. Ne4 Qd7 23. Rc6 Kg7 24. Rxd6 Qb7 25. Nxf6 Rxf6 26. Bh6+ Kf7 27. Rxf6+
Kxf6 28. Qf3+ Nf5 29. g4 Rd8 30. gxf5 gxf5 31. Qg2 Rxd5 32. Qg5+ Ke6 33. Qg8+
Qf7 34. Qxf7+ Kxf7 35. Bc1 Rd6 36. Re1 Rg6+ 37. Kf1 Ke6 38. Re2 Kf6 39. Rc2 f4
40. Rc6+ Kf5 41. Rxg6 hxg6 42. f3 g5 43. h3 e4 44. fxe4+ Kxe4 45. Ke2 b4 46. b3
a5 47. Bb2 f3+ 48. Kf2 1-0

[Event "Tournoi Skype 014A"]
[Site "Skype"]
[Date "????.??.??"]
[Round "1.13"]
[White "Sojka, Bernard"]
[Black "L'Herbon De Lussats, Jean"]
[Result "1-0"]
[WhiteElo "1830"]
[BlackElo "1529"]
[PlyCount "53"]

1. d4 Nf6 2. Nf3 e6 3. Bf4 c5 4. c3 d5 5. e3 c4 6. Be2 Nbd7 7. Nbd2 Nb6 8. h4
Be7 9. Ne5 O-O 10. g4 h6 11. Ndf3 Ne4 12. Qc2 Bd7 13. g5 hxg5 14. hxg5 g6 15.
Nxd7 Nxd7 16. Bxc4 Bxg5 17. Bd3 Be7 18. O-O-O Ndf6 19. Ne5 Bd6 20. f3 Nxc3 21.
bxc3 Rc8 22. Bxg6 Qc7 23. Rdg1 Rfd8 24. Bh6 Qxc3 25. Bd3+ Kh8 26. Bf8+ Nh7 27.
Rxh7# 1-0

[Event "Tournoi Skype 014A"]
[Site "Skype"]
[Date "????.??.??"]
[Round "1.14"]
[White "Malbec, Robert"]
[Black "Brun, Jacques"]
[Result "0-1"]
[WhiteElo "1529"]
[BlackElo "1825"]
[PlyCount "126"]

1. e4 c5 2. Nf3 Nc6 3. d4 cxd4 4. Nxd4 g6 5. c3 Bg7 6. Be3 Nf6 7. h3 O-O 8. Nd2
d6 9. Bd3 Nd7 10. N2f3 Nde5 11. Nxe5 Nxe5 12. O-O b6 13. Bc2 Bb7 14. Re1 Nc4
15. Qc1 Rc8 16. Rb1 Qc7 17. Bh6 Ba6 18. Bxg7 Kxg7 19. Qg5 e6 20. Qg4 Ne5 21.
Qg3 Qd7 22. Red1 Rfd8 23. Nf3 Nxf3+ 24. Qxf3 Bb7 25. Rd2 Qc6 26. Rbd1 f5 27.
Re1 Rc7 28. h4 Qb5 29. Qg3 Qc5 30. Rde2 Rf8 31. exf5 exf5 32. Qg5 Rff7 33. h5
Be4 34. h6+ Kg8 35. Rxe4 fxe4 36. Qxc5 dxc5 37. Rxe4 Kf8 38. Ba4 Rce7 39. Rg4
Re1+ 40. Kh2 Re2 41. f3 Rxb2 42. Bb3 Rxf3 43. Bd5 Rf5 44. Be6 Rh5+ 45. Kg3 Rxh6
46. Rf4+ Ke7 47. Re4 Kd6 48. Bb3 Rh5 49. Re6+ Kd7 50. Re3 Rg5+ 51. Kf4 Rgxg2
52. Be6+ Kd6 53. Bg8 g5+ 54. Ke4 Rge2 55. Rxe2 Rxe2+ 56. Kf5 h6 57. Kg4 Ke5 58.
Bb3 Re4+ 59. Kh5 Rh4+ 60. Kg6 g4 61. Bd1 g3 62. Bf3 g2 63. Bxg2 Rg4+ 0-1

[Event "Tournoi Skype 014A"]
[Site "Skype"]
[Date "????.??.??"]
[Round "1.15"]
[White "Rico Hernandez, Edgar"]
[Black "Galani, Mahendra"]
[Result "1-0"]
[WhiteElo "1814"]
[BlackElo "1523"]
[PlyCount "75"]

1. d4 d5 2. c4 e6 3. Nc3 h6 4. Nf3 Nf6 5. Bf4 c6 6. e3 Bb4 7. Qc2 Nh5 8. Be5
Nd7 9. Bd3 Nhf6 10. Bg3 Qe7 11. O-O h5 12. Ne2 Bd6 13. Bxd6 Qxd6 14. h3 Nf8 15.
Ne5 Qe7 16. Rfd1 N6d7 17. Nf3 Nf6 18. Nc3 Bd7 19. Ne5 O-O-O 20. Nxd7 Rxd7 21.
cxd5 Nxd5 22. Rac1 Nb4 23. Qa4 a6 24. Be4 Rc7 25. Rd2 f5 26. Bf3 g5 27. a3 Nd5
28. Rdc2 Nb6 29. Qb3 Nfd7 30. d5 g4 31. dxc6 bxc6 32. Be2 gxh3 33. Bxa6+ Kd8
34. Qxe6 h2+ 35. Kh1 Rf8 36. Bb5 f4 37. Bxc6 Rxc6 38. Qxc6 1-0

[Event "Tournoi Skype 014A"]
[Site "Skype"]
[Date "????.??.??"]
[Round "1.16"]
[White "Holtz, Steve"]
[Black "Elias, Roberto"]
[Result "0-1"]
[WhiteElo "1523"]
[BlackElo "1809"]
[PlyCount "50"]

1. d4 f5 2. Nc3 Nf6 3. e3 e6 4. Be2 d5 5. Nf3 c6 6. a3 Bd6 7. O-O O-O 8. b4
Nbd7 9. Bb2 Ne4 10. Nd2 Ndf6 11. Ncxe4 Nxe4 12. Nf3 g5 13. h3 Rf6 14. Ne5 Rh6
15. Bh5 Bxe5 16. dxe5 Bd7 17. g4 Be8 18. Bxe8 Qxe8 19. Kg2 f4 20. Qe1 Qg6 21.
f3 Ng3 22. Rf2 Rh4 23. exf4 gxf4 24. Qd2 Qh6 25. Bc1 Rxh3 0-1

[Event "Tournoi Skype 014A"]
[Site "Skype"]
[Date "????.??.??"]
[Round "1.18"]
[White "Solak, Yusuf"]
[Black "Ergin, Ahmet"]
[Result "0-1"]
[WhiteElo "1514"]
[BlackElo "1770"]
[PlyCount "86"]

1. e4 d5 2. exd5 Nf6 3. Bb5+ Bd7 4. Bxd7+ Qxd7 5. c4 c6 6. dxc6 Nxc6 7. Ne2 e5
8. O-O O-O-O 9. Nbc3 Kb8 10. Ng3 Qd3 11. a3 Qxc4 12. Qe2 Qxe2 13. Ngxe2 Bc5 14.
Ng3 h5 15. Nge4 Nxe4 16. Nxe4 Bb6 17. b4 f5 18. Ng5 Rd7 19. b5 Nd4 20. Bb2 Ne2+
21. Kh1 Re8 22. Bc3 Nxc3 23. dxc3 Rd2 24. f3 Rc2 25. Rfc1 Rxc1+ 26. Rxc1 Be3
27. Rd1 Bxg5 28. g3 Kc7 29. Rd5 Bf4 30. gxf4 e4 31. fxe4 fxe4 32. Kg2 e3 33.
Kf1 e2+ 34. Ke1 g6 35. Re5 Rxe5 36. fxe5 Kd7 37. Kxe2 Ke6 38. Kf3 Kxe5 39. c4
g5 40. h3 Kd4 41. Kg3 Kxc4 42. b6 a6 43. h4 g4 0-1

[Event "Tournoi Skype 014A"]
[Site "Skype"]
[Date "????.??.??"]
[Round "1.19"]
[White "Meyer, Eric"]
[Black "Fouquereau, Andre"]
[Result "1-0"]
[WhiteElo "1740"]
[BlackElo "1511"]
[PlyCount "63"]

1. d4 d5 2. c4 Nf6 3. cxd5 Nxd5 4. Nf3 Bg4 5. e4 Nf6 6. Nc3 c6 7. Be2 e6 8. Qa4
Nbd7 9. Be3 Be7 10. O-O O-O 11. Rad1 Qc7 12. h3 Bh5 13. Qc2 Bg6 14. Bd3 Rac8
15. Qd2 Rfd8 16. Bf4 Qa5 17. Nd5 Qxd2 18. Nxe7+ Kf8 19. Nxg6+ hxg6 20. Bd6+ Kg8
21. Rxd2 Nb6 22. Be7 Rd7 23. Bxf6 gxf6 24. b3 Rcd8 25. Rfd1 Kg7 26. Bc4 Nc8 27.
a4 Nd6 28. d5 Nxc4 29. bxc4 f5 30. dxc6 Rxd2 31. Rxd2 Rc8 32. cxb7 1-0

[Event "Tournoi Skype 014A"]
[Site "Skype"]
[Date "????.??.??"]
[Round "1.20"]
[White "Meaney, Mike"]
[Black "Dal, Ibrahim"]
[Result "0-1"]
[WhiteElo "1497"]
[BlackElo "1722"]
[PlyCount "64"]

1. d4 c6 2. Nf3 d5 3. e3 Bf5 4. Nbd2 e6 5. c3 Nd7 6. e4 dxe4 7. Nxe4 Bxe4 8.
Ng5 Ngf6 9. Nxe4 Nxe4 10. Qe2 Nef6 11. f3 Bd6 12. Bg5 Qc7 13. g3 Bxg3+ 14. Kd2
Bf4+ 15. Bxf4 Qxf4+ 16. Kc2 Nd5 17. Kb3 Ne3 18. Bh3 O-O 19. Rae1 Nd5 20. Bxe6
fxe6 21. Qxe6+ Qf7 22. Qxf7+ Rxf7 23. Re6 Rxf3 24. Rhe1 Raf8 25. Rd6 N7b6 26.
Rde6 a5 27. a4 Nc7 28. Re7 Nbd5 29. R7e5 b5 30. axb5 Rb8 31. Ka4 Rxb5 32. c4
Nb6# 0-1

[Event "Tournoi Skype 014A"]
[Site "Skype"]
[Date "????.??.??"]
[Round "1.21"]
[White "Janssen, Gerard"]
[Black "Duthoit, Bernard"]
[Result "1/2-1/2"]
[WhiteElo "1717"]
[BlackElo "1487"]
[PlyCount "56"]

1. d4 Nf6 2. c4 e6 3. Nc3 g6 4. Nf3 Bg7 5. e4 d6 6. Bg5 h6 7. Bh4 g5 8. Bg3
Nfd7 9. Qd3 Nc6 10. a3 b6 11. h3 Bb7 12. d5 exd5 13. cxd5 Ne7 14. Be2 Nc5 15.
Qc2 Qd7 16. Rd1 O-O-O 17. b4 Bxc3+ 18. Qxc3 Nxe4 19. Qb3 Nxg3 20. fxg3 Qf5 21.
O-O Bxd5 22. Bc4 Bxc4 23. Qxc4 Qe6 24. Qa6+ Kb8 25. Kh2 Qc8 26. Qc4 Qe6 27. Qa6
Qc8 28. Qc4 Qe6 1/2-1/2

[Event "Tournoi Skype 014A"]
[Site "Skype"]
[Date "????.??.??"]
[Round "1.23"]
[White "Bourdeau, Yvan"]
[Black "Yardimci, Ertan"]
[Result "1/2-1/2"]
[WhiteElo "1703"]
[BlackElo "1455"]
[PlyCount "57"]

1. c4 c5 2. Nf3 Nc6 3. Nc3 Nf6 4. d4 e6 5. Bg5 cxd4 6. Nxd4 Qb6 7. Nxc6 bxc6 8.
Qc2 Be7 9. e3 d5 10. O-O-O Bb7 11. Be2 O-O 12. h4 h6 13. Kb1 Rfe8 14. Bf4 Qd8
15. Rh2 Bd6 16. Bxd6 Qxd6 17. Rh3 Rab8 18. g4 Kf8 19. g5 Ng8 20. gxh6 Nxh6 21.
Bd3 Qe7 22. Rf3 Qxh4 23. Rf4 Qh5 24. Be2 Qe5 25. Rh1 Ke7 26. Rh5 Qc7 27. Rg5
Rg8 28. Bh5 Rbf8 29. Be2 1/2-1/2

[Event "Tournoi Skype 014A"]
[Site "Skype"]
[Date "????.??.??"]
[Round "1.24"]
[White "Murgia, Stefano"]
[Black "Leost, Joel"]
[Result "1/2-1/2"]
[WhiteElo "1699"]
[BlackElo "1442"]
[PlyCount "132"]

1. e4 c5 2. Nf3 Nc6 3. d4 cxd4 4. Nxd4 e5 5. Nb5 d6 6. N1c3 a6 7. Na3 b5 8. Nd5
Nf6 9. Bg5 Be7 10. Bxf6 Bxf6 11. c3 Be6 12. Nc2 Bg5 13. Nce3 O-O 14. h4 Bxe3
15. Nxe3 f5 16. exf5 Bxf5 17. Qd5+ Kh8 18. Qxc6 Be6 19. Rd1 Qf6 20. Qf3 Bxa2
21. Qxf6 Rxf6 22. Nd5 Rff8 23. Rh3 Bb3 24. Rd2 Rab8 25. Be2 a5 26. Rf3 Rfd8 27.
Rf7 Kg8 28. Ra7 a4 29. Ra6 Kf8 30. Nc7 Ke7 31. Nxb5 d5 32. Nc7 Rbc8 33. Ra7 Kf6
34. Bd1 Bxd1 35. Rxd1 d4 36. Ra6+ Kf5 37. Ne6 Rd7 38. f3 h5 39. cxd4 exd4 40.
Nxd4+ Ke5 41. Ra5+ Kf6 42. Rxh5 Rcd8 43. Rf5+ Kg6 44. h5+ Kh7 45. Rf4 Rb7 46.
Rd2 Ra8 47. g4 a3 48. bxa3 Rxa3 49. g5 Re3+ 50. Kf2 Re5 51. Rf5 Re8 52. Kg3 Re1
53. g6+ Kg8 54. Ne6 Rb8 55. Nxg7 Re7 56. h6 Rxg7 57. hxg7 Kxg7 58. Rd7+ Kxg6
59. Kg4 Rb4+ 60. f4 Rb6 61. Rg5+ Kf6 62. f5 Rb4+ 63. Kh5 Rb1 64. Rd4 Rh1+ 65.
Rh4 Rf1 66. Kh6 Rxf5 1/2-1/2

[Event "Tournoi Skype 014A"]
[Site "Skype"]
[Date "????.??.??"]
[Round "1.25"]
[White "Murolo, Antonio"]
[Black "Rescober, Joel Plata"]
[Result "1-0"]
[WhiteElo "1454"]
[BlackElo "1699"]
[PlyCount "81"]

1. d4 Nf6 2. c4 c6 3. Nc3 d5 4. e3 e6 5. Nf3 g6 6. Be2 Bg7 7. O-O O-O 8. b3
Nbd7 9. Bb2 a6 10. Rc1 Re8 11. h3 Qc7 12. cxd5 exd5 13. Bd3 Nf8 14. Re1 Bd7 15.
e4 Nxe4 16. Nxe4 Bf5 17. Nc5 Bxd3 18. Nxd3 Nd7 19. Qc2 Nf6 20. Rxe8+ Rxe8 21.
Re1 Ne4 22. Nc5 Nf6 23. Rxe8+ Nxe8 24. Qe2 Nf6 25. Ne5 b6 26. Nxa6 Qa7 27. Nxc6
Qa8 28. Ne5 Nh5 29. Nc7 Qxa2 30. Nxd5 Qxb3 31. Ne7+ Kh8 32. Qf3 Qxf3 33. gxf3
Nf4 34. Kh2 Bxe5 35. dxe5 Kg7 36. Kg3 Nd3 37. Bc3 b5 38. Nd5 Kf8 39. Nb4 Nc5
40. Nc2 Ke7 41. Bb4 1-0

[Event "Tournoi Skype 014A"]
[Site "Skype"]
[Date "????.??.??"]
[Round "1.26"]
[White "Grib, Johannes"]
[Black "Legueltel, Daniel"]
[Result "0-1"]
[WhiteElo "1432"]
[BlackElo "1692"]
[PlyCount "96"]

1. Nf3 d5 2. g3 Nf6 3. Bg2 c6 4. O-O Nbd7 5. c3 e5 6. d3 Be7 7. Nh4 Nf8 8. f4
exf4 9. Bxf4 Ng6 10. Nxg6 hxg6 11. Qb3 Qb6+ 12. e3 Be6 13. Qc2 Nh5 14. d4 Bf5
15. e4 dxe4 16. Bxe4 Nxf4 17. Rxf4 Bxe4 18. Rxe4 Kf8 19. Nd2 Re8 20. Nc4 Qc7
21. Rf1 Rh5 22. Ne5 Rf5 23. Rxf5 gxf5 24. Rf4 g6 25. Qb3 Bd6 26. Rh4 Bxe5 27.
Qa3+ Bd6 28. Qb3 Kg7 29. Kf2 Qe7 30. Qd1 Qe3+ 31. Kf1 Be7 32. Rf4 Bg5 33. Rf3
Qc1 34. Qxc1 Bxc1 35. b4 Re3 36. Rxe3 Bxe3 37. Ke2 f4 38. gxf4 Bxf4 39. h3 f5
40. a3 Bc1 41. a4 g5 42. b5 Bb2 43. bxc6 bxc6 44. Kd3 f4 45. c4 Kf6 46. d5 cxd5
47. c5 Ke5 48. c6 Kd6 0-1

[Event "Tournoi Skype 014A"]
[Site "Skype"]
[Date "????.??.??"]
[Round "2.1"]
[White "Brun, Jacques"]
[Black "Auger, Bertrand"]
[Result "0-1"]
[WhiteElo "1825"]
[BlackElo "2085"]
[PlyCount "46"]

1. e4 e6 2. d4 d5 3. Nc3 dxe4 4. Nxe4 Bd7 5. Nf3 Bc6 6. Bd3 Nd7 7. O-O Ngf6 8.
Re1 Nxe4 9. Bxe4 Bxe4 10. Rxe4 Nf6 11. Re1 c5 12. Bg5 Qb6 13. Bxf6 gxf6 14. b3
O-O-O 15. dxc5 Bxc5 16. Qe2 Rd5 17. c4 Rf5 18. Qc2 Rg8 19. Kf1 Qc7 20. Qd3 Qxh2
21. Ke2 Qxg2 22. Rf1 Rg3 23. Rad1 Qxf3+ 0-1

[Event "Tournoi Skype 014A"]
[Site "Skype"]
[Date "????.??.??"]
[Round "2.2"]
[White "Hervais, Adrien"]
[Black "Rico Hernandez, Edgar"]
[Result "0-1"]
[WhiteElo "1998"]
[BlackElo "1814"]
[PlyCount "76"]

1. e4 c6 2. Nc3 d5 3. Nf3 dxe4 4. Nxe4 Nd7 5. Bc4 e6 6. d4 Ngf6 7. Ng3 Qc7 8.
Qe2 Bd6 9. Nf5 Qa5+ 10. Bd2 Qxf5 11. Bd3 Qh5 12. h3 c5 13. c3 Qd5 14. c4 Qh5
15. O-O-O cxd4 16. Bg5 Ne5 17. g4 Nxd3+ 18. Qxd3 Qg6 19. Qxd4 Be7 20. h4 h6 21.
h5 Qh7 22. Bh4 e5 23. Qxe5 Bxg4 24. Rhe1 Be6 25. Qb5+ Kf8 26. Qxb7 Rc8 27. Rd4
Qf5 28. Re5 Qh3 29. Re1 Re8 30. Ne5 Qf5 31. Qxa7 Qxh5 32. c5 Qf5 33. c6 g5 34.
Bg3 Kg7 35. Nd7 Rc8 36. Ne5 Rhe8 37. Qb6 Bxa2 38. Nd3 Bc5 0-1

[Event "Tournoi Skype 014A"]
[Site "Skype"]
[Date "????.??.??"]
[Round "2.3"]
[White "Elias, Roberto"]
[Black "Karlsen, Christian"]
[Result "0-1"]
[WhiteElo "1809"]
[BlackElo "1917"]
[PlyCount "144"]

1. e4 c5 2. Nf3 a6 3. d4 cxd4 4. Nxd4 e5 5. Nb3 Nf6 6. f3 d5 7. Bg5 d4 8. c3
Nc6 9. Bc4 Be7 10. O-O b5 11. Bxf6 bxc4 12. Bxe7 Qxe7 13. N3d2 O-O 14. cxd4
Nxd4 15. Nxc4 Qc5 16. Ne3 Nf5 17. exf5 Qxe3+ 18. Kh1 Bxf5 19. Nc3 Rfd8 20. Qe1
Qc5 21. Rc1 f6 22. Ne4 Qb5 23. Rf2 Rd4 24. Nc3 Qd7 25. Ne2 Rd5 26. Ng3 Bg6 27.
h4 Rd8 28. h5 Bf7 29. Kh2 Qa4 30. Rfc2 Qh4+ 31. Kg1 Bxh5 32. Rc8 Be8 33. Nf5
Qxe1+ 34. Rxe1 Rxc8 35. Ne7+ Kf8 36. Nxd5 Rc2 37. Nb4 Rxb2 38. Nxa6 Rxa2 39.
Nc7 Bf7 40. Rb1 Ra7 41. Rb8+ Ke7 42. Nb5 Rd7 43. Nc3 f5 44. Rb5 Kf6 45. Rc5 Re7
46. Kf2 h5 47. Ke3 g5 48. Rc6+ Kg7 49. Ne2 Rd7 50. g3 f4+ 51. gxf4 gxf4+ 52.
Nxf4 exf4+ 53. Kxf4 Bd5 54. Rc5 Rf7+ 55. Kg5 Bxf3 56. Kh4 Bg4 57. Rg5+ Kf8 58.
Re5 Rf1 59. Kg3 Kf7 60. Kg2 Rf5 61. Re3 Kf6 62. Kg3 Re5 63. Ra3 Kg5 64. Ra2 h4+
65. Kf2 Kf4 66. Ra4+ Re4 67. Ra8 Re2+ 68. Kg1 h3 69. Rf8+ Kg3 70. Rf1 Bf3 71.
Rf2 Re1+ 72. Rf1 h2# 0-1

[Event "Tournoi Skype 014A"]
[Site "Skype"]
[Date "????.??.??"]
[Round "2.4"]
[White "Donmez, Unal"]
[Black "Carballo, Jorge"]
[Result "1-0"]
[WhiteElo "1905"]
[BlackElo "1777"]
[PlyCount "55"]

1. e4 e5 2. f4 d5 3. exd5 Nf6 4. fxe5 Nxd5 5. Nf3 Bg4 6. d4 Nc6 7. c3 Be7 8.
Bd3 Bh4+ 9. g3 Be7 10. Nbd2 Nb6 11. Qe2 Qd5 12. Be4 Bxf3 13. Bxf3 Qd8 14. Qe4
Bg5 15. h4 Bxd2+ 16. Bxd2 Qd7 17. O-O-O O-O 18. Bg4 Qd5 19. Qxd5 Nxd5 20. Rhf1
Rad8 21. Bg5 f6 22. Be6+ Kh8 23. Bxd5 Rxd5 24. exf6 gxf6 25. Bxf6+ Kg8 26. g4
Rd6 27. g5 Re6 28. d5 1-0

[Event "Tournoi Skype 014A"]
[Site "Skype"]
[Date "????.??.??"]
[Round "2.5"]
[White "Ergin, Ahmet"]
[Black "Hilton, Stephen"]
[Result "1/2-1/2"]
[WhiteElo "1770"]
[BlackElo "1903"]
[PlyCount "70"]

1. e4 c5 2. d4 cxd4 3. c3 d3 4. Bxd3 Nc6 5. Nf3 g6 6. c4 Bg7 7. Nc3 Nf6 8. O-O
O-O 9. Qe2 d6 10. h3 a6 11. Be3 Qa5 12. Rac1 Bd7 13. a3 Rfc8 14. Rfd1 Be8 15.
Qd2 Ne5 16. Nxe5 dxe5 17. c5 Bc6 18. Qc2 Rd8 19. Kh1 Nh5 20. g3 f5 21. Qb3+ Kh8
22. Nd5 Bxd5 23. exd5 Rab8 24. Bg5 Nf6 25. d6 exd6 26. Qe6 Re8 27. Qxd6 Rbd8
28. Qb6 Qxb6 29. cxb6 Rd6 30. Be3 Red8 31. Be2 Rxd1+ 32. Rxd1 Rxd1+ 33. Bxd1 e4
34. Kg1 Nd5 35. b4 Nxe3 1/2-1/2

[Event "Tournoi Skype 014A"]
[Site "Skype"]
[Date "????.??.??"]
[Round "2.6"]
[White "Dal, Ibrahim"]
[Black "Segura Lozano, Marcos Antonio"]
[Result "0-1"]
[WhiteElo "1722"]
[BlackElo "1899"]
[PlyCount "72"]

1. d4 Nf6 2. c4 g6 3. Nf3 Bg7 4. Nc3 O-O 5. e3 d6 6. Be2 Nbd7 7. O-O c6 8. b3
Qc7 9. Qc2 e5 10. Ba3 Re8 11. Rfd1 exd4 12. Rxd4 Nc5 13. Bxc5 dxc5 14. Rd2 Bf5
15. Bd3 Bg4 16. Be2 Ne4 17. Nxe4 Bxa1 18. Nxc5 b6 19. Na4 Bf6 20. Nd4 h5 21.
Bd3 Kg7 22. Be4 Bd7 23. c5 Rac8 24. g3 b5 25. Nb2 h4 26. a4 a6 27. b4 hxg3 28.
hxg3 Rh8 29. axb5 axb5 30. Qd1 Qe5 31. Qf3 Qc7 32. Nd1 Rh6 33. Nc3 Rch8 34. Kf1
Qc8 35. Nd1 Bg4 36. Qg2 Bh3 0-1

[Event "Tournoi Skype 014A"]
[Site "Skype"]
[Date "????.??.??"]
[Round "2.7"]
[White "Deville, Olivier"]
[Black "Meyer, Eric"]
[Result "1-0"]
[WhiteElo "1866"]
[BlackElo "1740"]
[PlyCount "95"]

1. c4 Nf6 2. Nf3 e6 3. g3 c6 4. Bg2 d5 5. Qc2 Bd6 6. O-O O-O 7. d4 Re8 8. Nbd2
Nbd7 9. e4 Nxe4 10. Nxe4 dxe4 11. Qxe4 Nf6 12. Qc2 h6 13. Bd2 Bd7 14. Bc3 Rc8
15. Ne5 Qe7 16. a3 Rb8 17. Rfe1 Rec8 18. Qd3 Qd8 19. Rad1 Be8 20. h4 b5 21.
cxb5 cxb5 22. d5 exd5 23. Bxd5 Bxe5 24. Bxe5 Qb6 25. Bxb8 Rxb8 26. Bg2 Bc6 27.
Bxc6 Qxc6 28. Qd6 Qxd6 29. Rxd6 Rb7 30. Rd8+ Kh7 31. Rc8 Kg6 32. Rec1 a5 33.
R1c7 Rb6 34. Rc6 Rb7 35. Ra8 a4 36. Ra5 b4 37. Rxa4 bxa3 38. bxa3 Kf5 39. Rb4
Rd7 40. Rc5+ Ke6 41. a4 Ra7 42. Rb6+ Ke7 43. Re5+ Kd7 44. a5 Kc8 45. Rc5+ Kd8
46. a6 Nd7 47. Rb7 Rxa6 48. Rd5 1-0

[Event "Tournoi Skype 014A"]
[Site "Skype"]
[Date "????.??.??"]
[Round "2.8"]
[White "Legueltel, Daniel"]
[Black "Lambert, Pierre"]
[Result "0-1"]
[WhiteElo "1692"]
[BlackElo "1850"]
[PlyCount "72"]

1. d4 Nf6 2. c4 g6 3. Nc3 Bg7 4. e4 d6 5. Be2 O-O 6. Nf3 c6 7. O-O Bg4 8. Nd2
Bxe2 9. Qxe2 Nbd7 10. f4 e5 11. fxe5 dxe5 12. d5 Rc8 13. Nf3 Qc7 14. Be3 Ne8
15. Qf2 Nd6 16. c5 Nc4 17. d6 Qa5 18. Bg5 f6 19. Be3 Nxe3 20. Qxe3 Qxc5 21.
Qxc5 Nxc5 22. Rad1 Rcd8 23. b4 Nd7 24. a4 Rf7 25. b5 c5 26. Nd5 Bf8 27. Nc7 Nb6
28. a5 Nc4 29. Ne6 Rxd6 30. Nxf8 Rxd1 31. Rxd1 Kxf8 32. a6 b6 33. Rd8+ Ke7 34.
Ra8 Ke6 35. Re8+ Re7 36. Rd8 Nd6 0-1